[Event "ODJM B 2018"]
[Site "Willingen GER"]
[Date "2018.05.23"]
[Round "6"]
[White "Fromm, Johannes"]
[Black "Huppert, Anna"]
[Result "1-0"]
[Termination "normal"]
[Board "19"]
[WhiteElo "1705"]
[BlackElo "1371"]
[PlyCount "75"]
[WhiteFideId "12993204"]
[BlackFideId "16214439"]
[EventCountry "GER"]
[EventRounds "9"]
[EventType "swiss"]
[EventDate "2018.05.19"]

1. b3 Nf6 2. Bb2 e6 3. f4 b6 4. Nf3 Bb7 5. e3 Be7 6. Nc3 d6 7. Bd3 Nbd7 8. O-O
O-O 9. Qe1 Nh5 10. g4 Nhf6 11. Qg3 e5 12. g5 exf4 13. exf4 Ne8 14. Qh4 f5 15.
Nd4 d5 16. Bxf5 g6 17. Ne6 Qb8 18. Nxf8 Bc5+ 19. Kg2 d4+ 20. Be4 Nxf8 21. Nd5
Nd6 22. Nf6+ Kf7 23. d3 Nf5 24. Qf2 Ne3+ 25. Kg1 Nxf1 26. Rxf1 Bxe4 27. Nxe4
Be7 28. Qxd4 Ne6 29. Qc4 Qc8 30. f5 gxf5 31. Qd5 Ke8 32. Qxf5 Kd8 33. Qd5+ Ke8
34. Nf6+ Bxf6 35. Rxf6 Ke7 36. Qf5 Nf8 37. Rf7+ Ke8 38. Rxf8+ 1-0

[Event "ODJM B 2018"]
[Site "Willingen GER"]
[Date "2018.05.23"]
[Round "6"]
[White "Kovac, Linda"]
[Black "Laag, Pascal"]
[Result "1-0"]
[Termination "normal"]
[Board "20"]
[WhiteElo "1629"]
[BlackElo "1743"]
[PlyCount "85"]
[WhiteFideId "12938815"]
[BlackFideId "16256069"]
[EventCountry "GER"]
[EventRounds "9"]
[EventType "swiss"]
[EventDate "2018.05.19"]

1. d4 Nf6 2. Nf3 c5 3. dxc5 e6 4. Bf4 Bxc5 5. e3 d5 6. Bd3 Nc6 7. a3 Qe7 8. Ne5
Nxe5 9. Bxe5 Bd6 10. Bxd6 Qxd6 11. Nc3 Bd7 12. O-O O-O 13. Qe2 Rac8 14. e4 dxe4
15. Nxe4 Qe7 16. Nxf6+ Qxf6 17. Qe4 g6 18. Qxb7 Bc6 19. Qxa7 Qg5 20. f3 Ra8 21.
Qf2 Rfb8 22. b4 Rd8 23. h4 Qf4 24. Rfe1 Rd4 25. Be4 Rd2 26. Qe3 Qxe3+ 27. Rxe3
Bxe4 28. Rxe4 Rxc2 29. Kf1 Rb2 30. a4 f5 31. Rxe6 Rxb4 32. a5 Rxh4 33. Kf2 Rc4
34. Rb6 Rc7 35. a6 Raa7 36. Ke3 Kg7 37. Rab1 Kh6 38. Rb7 f4+ 39. Kd4 Rf7 40.
Rxf7 Rxf7 41. Rb7 Rf8 42. a7 Ra8 43. Kc5 1-0

[Event "ODJM B 2018"]
[Site "Willingen GER"]
[Date "2018.05.23"]
[Round "6"]
[White "Stork, Christopher"]
[Black "Wichert, Eddi"]
[Result "1-0"]
[Termination "normal"]
[Board "21"]
[WhiteElo "1715"]
[BlackElo "1599"]
[PlyCount "26"]
[WhiteFideId "16215400"]
[BlackFideId "16266048"]
[EventCountry "GER"]
[EventRounds "9"]
[EventType "swiss"]
[EventDate "2018.05.19"]

1. e4 c5 2. Nf3 Nc6 3. d4 cxd4 4. Nxd4 g6 5. Nc3 Bg7 6. Be3 Nf6 7. Bc4 Qa5 8.
O-O O-O 9. a3 d6 10. Qd2 Nxe4 11. Nxc6 Bxc3 12. Nxe7+ Kh8 13. Bd4+ Bxd4 1-0

[Event "ODJM B 2018"]
[Site "Willingen GER"]
[Date "2018.05.23"]
[Round "6"]
[White "Celik, Cem"]
[Black "Zell, Hannah"]
[Result "1-0"]
[Termination "normal"]
[Board "23"]
[WhiteElo "1800"]
[BlackElo "1547"]
[PlyCount "39"]
[WhiteFideId "16206673"]
[BlackFideId "16208900"]
[EventCountry "GER"]
[EventRounds "9"]
[EventType "swiss"]
[EventDate "2018.05.19"]

1. e4 e5 2. d4 exd4 3. c3 dxc3 4. Bc4 d6 5. Nf3 Be7 6. Qb3 Bf6 7. Bxf7+ Kf8 8.
Nxc3 Qd7 9. Bc4 h6 10. O-O Ne7 11. Bf4 Nbc6 12. Qc2 Ng6 13. Bg3 Nce5 14. Nxe5
Bxe5 15. f4 Bd4+ 16. Kh1 Ne7 17. Rad1 Bc5 18. e5 Qf5 19. Bd3 Qf7 20. f5 0-1

[Event "ODJM B 2018"]
[Site "Willingen GER"]
[Date "2018.05.23"]
[Round "6"]
[White "Alferova, Ekaterina"]
[Black "Poggemann, Alexander"]
[Result "1-0"]
[Termination "normal"]
[Board "24"]
[WhiteElo "1600"]
[BlackElo "1519"]
[PlyCount "43"]
[WhiteFideId "16217250"]
[BlackFideId "16224167"]
[EventCountry "GER"]
[EventRounds "9"]
[EventType "swiss"]
[EventDate "2018.05.19"]

1. d4 Nf6 2. Nc3 d5 3. Bf4 e6 4. e3 Bb4 5. Bd3 Nc6 6. Nf3 O-O 7. h3 Bd7 8. O-O
Re8 9. Nb1 Bd6 10. Bxd6 cxd6 11. c3 e5 12. Ne1 e4 13. Be2 Bf5 14. Nd2 Qd7 15.
Rc1 Bxh3 16. gxh3 Qxh3 17. Ng2 h5 18. Re1 Ng4 19. Bxg4 hxg4 20. Nf1 g5 21. Ng3
Rf8 22. Qb3 1-0

[Event "ODJM B 2018"]
[Site "Willingen GER"]
[Date "2018.05.23"]
[Round "6"]
[White "Frank, Carolin"]
[Black "Schneider, Edward"]
[Result "0-1"]
[Termination "normal"]
[Board "25"]
[WhiteElo "1556"]
[BlackElo "1768"]
[PlyCount "70"]
[WhiteFideId "16207190"]
[BlackFideId "16200870"]
[EventCountry "GER"]
[EventRounds "9"]
[EventType "swiss"]
[EventDate "2018.05.19"]

1. Nf3 Nf6 2. g3 c5 3. c4 d5 4. Bg2 Nc6 5. O-O e5 6. cxd5 Nxd5 7. d3 Nc7 8. Nc3
Be7 9. Be3 O-O 10. Ne4 b6 11. Rc1 Bd7 12. Nfd2 Rc8 13. Nc4 Ne8 14. a4 Be6 15.
Bd2 Nd6 16. Nexd6 Bxd6 17. Bc3 f6 18. Qd2 Be7 19. a5 b5 20. Bxc6 Rxc6 21. Ne3
Qc7 22. b4 cxb4 23. Bxb4 Rxc1 24. Rxc1 Bxb4 25. Rxc7 Bxd2 26. Rxa7 Bxe3 27.
fxe3 b4 28. Rb7 Ra8 29. Rb5 b3 30. d4 exd4 31. exd4 Bc4 32. Rb4 Rxa5 33. Kf2
Be6 34. e4 Ra2+ 35. Kg1 b2 0-1

[Event "ODJM B 2018"]
[Site "Willingen GER"]
[Date "2018.05.23"]
[Round "6"]
[White "Rothenberg, Nina"]
[Black "Hoppe, Nico"]
[Result "0-1"]
[Termination "normal"]
[Board "26"]
[WhiteElo "1678"]
[BlackElo "1612"]
[PlyCount "86"]
[WhiteFideId "16208943"]
[BlackFideId "16225520"]
[EventCountry "GER"]
[EventRounds "9"]
[EventType "swiss"]
[EventDate "2018.05.19"]

1. e4 c6 2. d4 d5 3. Nc3 dxe4 4. Nxe4 Bf5 5. Ng3 Bg6 6. h4 h6 7. Nh3 Nf6 8. Nf4
Bh7 9. Bc4 e6 10. c3 Bd6 11. O-O Nd5 12. Qg4 O-O 13. Ngh5 g6 14. Nxd5 cxd5 15.
Bb5 f5 16. Qe2 gxh5 17. Qxe6+ Kh8 18. Qxh6 Qf6 19. Qxh5 Rg8 20. Bg5 Qg7 21.
Rfe1 Qg6 22. Qf3 Qf7 23. Be8 Rxe8 24. Rxe8+ Qxe8 25. Bf6+ Kg8 26. Qxd5+ Qf7 27.
Qxd6 Nd7 28. Bg5 Re8 29. Qb4 Nb6 30. a4 f4 31. Qb5 Be4 32. Bxf4 Re6 33. Qg5+
Rg6 34. Qd8+ Kh7 35. Bg3 Bc6 36. Re1 Rg8 37. Qd6 Nc8 38. Qb4 Rg7 39. a5 Qd5 40.
Kf1 Qxg2+ 41. Ke2 Rxg3 42. Qc5 Qf3+ 43. Kf1 Rg1+ 0-1

[Event "ODJM B 2018"]
[Site "Willingen GER"]
[Date "2018.05.23"]
[Round "6"]
[White "Garbuz, Nicole"]
[Black "Peglau, Sarah"]
[Result "1/2-1/2"]
[Termination "normal"]
[Board "27"]
[WhiteElo "1679"]
[BlackElo "1315"]
[PlyCount "42"]
[WhiteFideId "12990701"]
[BlackFideId "16219961"]
[EventCountry "GER"]
[EventRounds "9"]
[EventType "swiss"]
[EventDate "2018.05.19"]

1. f4 e5 2. fxe5 Bc5 3. Nf3 Nc6 4. g3 Nge7 5. d4 Bb6 6. Bg5 d5 7. Nc3 Bg4 8.
Bg2 Bxf3 9. Bxf3 Bxd4 10. Nxd5 Bxe5 11. Nxe7 Nxe7 12. Bxb7 Qxd1+ 13. Rxd1 Rb8
14. Bxe7 Kxe7 15. Bd5 Bxb2 16. O-O f6 17. Rf4 Rhd8 18. Rc4 Be5 19. e4 Rb6 20.
Rf1 Ra6 21. a4 Rb8 1/2-1/2

[Event "ODJM B 2018"]
[Site "Willingen GER"]
[Date "2018.05.23"]
[Round "6"]
[White "Fuchs, Florian"]
[Black "Johlke, Lukas"]
[Result "1-0"]
[Termination "normal"]
[Board "28"]
[WhiteElo "1661"]
[BlackElo "1529"]
[PlyCount "43"]
[WhiteFideId "16213351"]
[BlackFideId "16252861"]
[EventCountry "GER"]
[EventRounds "9"]
[EventType "swiss"]
[EventDate "2018.05.19"]

1. d4 d5 2. Bf4 Nf6 3. e3 e6 4. c4 c5 5. Nf3 Nc6 6. Nc3 cxd4 7. exd4 b6 8. Nb5
Nh5 9. Ne5 Bb4+ 10. Bd2 Bxd2+ 11. Qxd2 Bb7 12. cxd5 exd5 13. Be2 Nf6 14. Rc1
Nxe5 15. Nc7+ Kf8 16. dxe5 Ne4 17. Qb4+ Nc5 18. Nxa8 Bxa8 19. O-O g6 20. f4 Kg8
21. Rfd1 h5 22. Bf3 1-0

[Event "ODJM B 2018"]
[Site "Willingen GER"]
[Date "2018.05.23"]
[Round "6"]
[White "Reuter, Julian-Frank"]
[Black "Rautenberg, Jakob"]
[Result "1-0"]
[Termination "normal"]
[Board "29"]
[WhiteElo "1652"]
[BlackElo "1519"]
[PlyCount "43"]
[WhiteFideId "16256182"]
[BlackFideId "16214749"]
[EventCountry "GER"]
[EventRounds "9"]
[EventType "swiss"]
[EventDate "2018.05.19"]

1. e4 e5 2. Nf3 Nc6 3. Bc4 Bc5 4. c3 Nf6 5. d3 h6 6. Nbd2 O-O 7. O-O d6 8. Bb3
a6 9. h3 Be6 10. Bc2 Ba7 11. Re1 Qd7 12. Nf1 Ne7 13. Ng3 Ng6 14. d4 exd4 15.
cxd4 d5 16. e5 Ne8 17. Be3 c6 18. Qd2 Nc7 19. Bxh6 gxh6 20. Qxh6 Rfd8 21. Nh5
Ne8 22. Nf6+ 1-0

[Event "ODJM B 2018"]
[Site "Willingen GER"]
[Date "2018.05.23"]
[Round "6"]
[White "Stülcken, Philipp"]
[Black "Wastian, Mareike"]
[Result "1/2-1/2"]
[Termination "normal"]
[Board "30"]
[WhiteElo "1399"]
[BlackElo "1535"]
[PlyCount "47"]
[WhiteFideId "12986232"]
[BlackFideId "12947423"]
[EventCountry "GER"]
[EventRounds "9"]
[EventType "swiss"]
[EventDate "2018.05.19"]

1. e4 d5 2. exd5 Nf6 3. Nc3 Nxd5 4. Nxd5 Qxd5 5. d4 Nc6 6. Nf3 Bg4 7. Be2 O-O-O
8. c3 f6 9. h3 Bxf3 10. Bxf3 Qd7 11. O-O Kb8 12. Be3 g5 13. Qa4 Ne5 14. Bd1 Ng6
15. Qxd7 Rxd7 16. Bg4 Rd8 17. Be6 Bg7 18. Rfe1 c6 19. a4 Rd6 20. Bc4 e5 21.
Rad1 Rhd8 22. Bb3 exd4 23. Rxd4 Rxd4 24. Bxd4 1/2-1/2

[Event "ODJM B 2018"]
[Site "Willingen GER"]
[Date "2018.05.23"]
[Round "6"]
[White "Straßburg, Robin Leonard"]
[Black "Raasch, Hauke"]
[Result "1/2-1/2"]
[Termination "normal"]
[Board "31"]
[WhiteElo "1732"]
[BlackElo "1555"]
[PlyCount "42"]
[WhiteFideId "16210018"]
[BlackFideId "16210034"]
[EventCountry "GER"]
[EventRounds "9"]
[EventType "swiss"]
[EventDate "2018.05.19"]

1. e4 c5 2. Nc3 Nf6 3. g3 d5 4. exd5 Nxd5 5. Bg2 e6 6. Nge2 Be7 7. Nxd5 exd5 8.
d4 Bg4 9. Be3 c4 10. c3 O-O 11. h3 Bxe2 12. Qxe2 Qd7 13. O-O Na6 14. Rfe1 Rfe8
15. Qf3 Rad8 16. h4 Nc7 17. Bf4 Bd6 18. Bxd6 Qxd6 19. Kf1 f6 20. b3 Qc6 21.
Rxe8+ Rxe8 1/2-1/2

[Event "ODJM B 2018"]
[Site "Willingen GER"]
[Date "2018.05.23"]
[Round "6"]
[White "Borgmann, Simon"]
[Black "Noever, Niklas"]
[Result "0-1"]
[Termination "normal"]
[Board "32"]
[WhiteElo "1614"]
[BlackElo "1707"]
[PlyCount "98"]
[WhiteFideId "16234677"]
[BlackFideId "12988642"]
[EventCountry "GER"]
[EventRounds "9"]
[EventType "swiss"]
[EventDate "2018.05.19"]

1. d4 d5 2. Nf3 Nf6 3. e3 c5 4. b3 cxd4 5. Nxd4 e5 6. Nf3 Bg4 7. Be2 Bxf3 8.
Bxf3 Bd6 9. Bb2 O-O 10. O-O Bc7 11. c4 e4 12. Be2 Qd6 13. g3 Nbd7 14. Qd2 Qe6
15. Rd1 dxc4 16. Bxc4 Qf5 17. Be2 Ne5 18. Bxe5 Qxe5 19. Na3 Ba5 20. Qd6 Qxd6
21. Rxd6 Bb4 22. Nc4 Bxd6 23. Nxd6 b6 24. Bc4 Rad8 25. Nf5 Rd2 26. Ne7+ Kh8 27.
Nc6 a5 28. a4 Ng4 29. Rf1 Nf6 30. Ne5 Kg8 31. Nc6 Nd7 32. Ne7+ Kh8 33. Nc6 h6
34. g4 Rc8 35. Ne7 Re8 36. Nd5 Ne5 37. Nxb6 Nxg4 38. Bb5 Re6 39. Nc4 Ra2 40.
Nxa5 Rg6 41. Kh1 Nxf2+ 42. Rxf2 Rxf2 43. Nc6 Rb2 44. h3 Rxb3 45. Ne5 Rf6 46.
Nc4 Rf2 47. Kg1 Ra2 48. Nd6 Rb1+ 49. Bf1 Raa1 0-1

[Event "ODJM B 2018"]
[Site "Willingen GER"]
[Date "2018.05.23"]
[Round "6"]
[White "Cozzuto, Alessandro"]
[Black "Rösch, Felix"]
[Result "1-0"]
[Termination "normal"]
[Board "33"]
[WhiteElo "1531"]
[BlackElo "1487"]
[PlyCount "39"]
[WhiteFideId "12990744"]
[BlackFideId "12972363"]
[EventCountry "GER"]
[EventRounds "9"]
[EventType "swiss"]
[EventDate "2018.05.19"]

1. e4 c5 2. Nc3 g6 3. f4 Bg7 4. Nf3 Nc6 5. Bb5 d6 6. O-O Nf6 7. d3 O-O 8. Bxc6
bxc6 9. Qe1 Rb8 10. f5 gxf5 11. Qh4 fxe4 12. dxe4 Ba6 13. Rf2 d5 14. Bh6 Qc8
15. h3 dxe4 16. Ng5 Bxh6 17. Qxh6 Re8 18. Rxf6 exf6 19. Qxh7+ Kf8 20. Qxf7# 1-0

[Event "ODJM B 2018"]
[Site "Willingen GER"]
[Date "2018.05.23"]
[Round "6"]
[White "Uhlendorff, Luca"]
[Black "Bock, Marlon"]
[Result "1-0"]
[Termination "normal"]
[Board "34"]
[WhiteElo "1590"]
[BlackElo "1346"]
[PlyCount "113"]
[WhiteFideId "16221923"]
[BlackFideId "16244931"]
[EventCountry "GER"]
[EventRounds "9"]
[EventType "swiss"]
[EventDate "2018.05.19"]

1. e4 d5 2. exd5 Qxd5 3. Nc3 Qa5 4. b4 Qb6 5. a3 c6 6. Bc4 Nf6 7. Nf3 Bf5 8.
O-O e6 9. Bb2 Nbd7 10. Re1 Be7 11. Qe2 O-O 12. h3 Rfe8 13. Nh4 Bf8 14. Nxf5
exf5 15. Qf1 Rad8 16. Rxe8 Rxe8 17. Re1 Qd8 18. Rxe8 Qxe8 19. Qe2 Ne5 20. Bb3
Bd6 21. d4 Ned7 22. Qxe8+ Nxe8 23. d5 c5 24. bxc5 Nxc5 25. Nb5 Bb8 26. Bd4 Nxb3
27. cxb3 a6 28. Nc3 f6 29. Na4 Nd6 30. Nc5 a5 31. Kf1 Kf7 32. Ke2 b5 33. Na6 b4
34. Nxb8 Nb5 35. Ba1 bxa3 36. Nc6 Ke8 37. Nxa5 Kd7 38. Kd3 Kd6 39. Kc4 Nc7 40.
Nb7+ Kd7 41. b4 Ne8 42. Kc5 a2 43. b5 Kc7 44. d6+ Kxb7 45. d7 Nc7 46. d8=N+ Kc8
47. Nc6 Kb7 48. Na5+ Kb8 49. b6 Ne6+ 50. Kb5 Nd8 51. Ka6 h6 52. b7 h5 53. Kb6
f4 54. f3 g5 55. Bxf6 a1=Q 56. Bxa1 g4 57. Be5# 1-0

[Event "ODJM B 2018"]
[Site "Willingen GER"]
[Date "2018.05.23"]
[Round "6"]
[White "Schmidt, Pauline"]
[Black "von Jan, Lena"]
[Result "0-1"]
[Termination "normal"]
[Board "35"]
[WhiteElo "1311"]
[BlackElo "1480"]
[PlyCount "60"]
[WhiteFideId "16209850"]
[BlackFideId "12946060"]
[EventCountry "GER"]
[EventRounds "9"]
[EventType "swiss"]
[EventDate "2018.05.19"]

1. e4 e5 2. Nf3 Nc6 3. d4 exd4 4. Bc4 Nf6 5. O-O Nxe4 6. Re1 d5 7. Bxd5 Qxd5 8.
Nc3 Qa5 9. Nxe4 Be6 10. Bg5 h6 11. Bf4 O-O-O 12. a3 g5 13. Bd2 Qd5 14. h3 Bg7
15. Rc1 g4 16. hxg4 Bxg4 17. c4 dxc3 18. Nxc3 Bxf3 19. Nxd5 Bxd1 20. Ne7+ Nxe7
21. Rxe7 Rxd2 22. Rcxc7+ Kd8 23. Rxb7 Bg4 24. Rxf7 Be5 25. f3 Bc8 26. Rbe7 Bd6
27. Re4 Rg8 28. Kf1 Rdxg2 29. Rd4 Ba6+ 30. Ke1 Re2+ 0-1

[Event "ODJM B 2018"]
[Site "Willingen GER"]
[Date "2018.05.23"]
[Round "6"]
[White "Tran, Minh Dat"]
[Black "Reyher, Susan"]
[Result "1-0"]
[Termination "normal"]
[Board "36"]
[WhiteElo "1400"]
[BlackElo "1759"]
[PlyCount "105"]
[WhiteFideId "16244702"]
[BlackFideId "24686107"]
[EventCountry "GER"]
[EventRounds "9"]
[EventType "swiss"]
[EventDate "2018.05.19"]

1. c4 e5 2. Nc3 Nf6 3. d3 d5 4. cxd5 Nxd5 5. Nf3 Nc6 6. g3 Nb6 7. Bg2 Be7 8.
O-O Be6 9. Bd2 O-O 10. a3 Qd7 11. b4 f6 12. Re1 Rab8 13. Ne4 Nd4 14. Nxd4 Qxd4
15. Be3 Qd7 16. Nc5 Bxc5 17. Bxc5 Rfd8 18. a4 a6 19. Bxb6 cxb6 20. Rb1 b5 21.
axb5 Qxb5 22. Qd2 Bd5 23. Rec1 Bxg2 24. Kxg2 Qd5+ 25. Kg1 e4 26. Rc5 Qe6 27. d4
Rbc8 28. Rbc1 Rxc5 29. Rxc5 Qd6 30. e3 b6 31. Rc4 Ra8 32. Qc2 Re8 33. Qa2 Qe6
34. Qxa6 Qg4 35. Rc1 Qe6 36. Qc4 Kf7 37. Qxe6+ Rxe6 38. Kg2 Re7 39. Rc6 Rb7 40.
f3 f5 41. fxe4 fxe4 42. g4 Ke7 43. Kg3 g5 44. Rh6 Kf8 45. h4 gxh4+ 46. Kxh4 b5
47. Kg5 Rf7 48. Rf6 h6+ 49. Kg6 Rxf6+ 50. Kxf6 Kg8 51. Kf5 Kf7 52. Kxe4 Ke6 53.
d5+ 1-0

[Event "ODJM B 2018"]
[Site "Willingen GER"]
[Date "2018.05.23"]
[Round "6"]
[White "Hungeling, David"]
[Black "Lilienthal, Niels Bennett"]
[Result "0-1"]
[Termination "normal"]
[Board "37"]
[WhiteElo "1442"]
[BlackElo "1723"]
[PlyCount "120"]
[WhiteFideId "16222440"]
[BlackFideId "16205421"]
[EventCountry "GER"]
[EventRounds "9"]
[EventType "swiss"]
[EventDate "2018.05.19"]

1. e4 d6 2. d4 g6 3. Nf3 Bg7 4. Nc3 Nf6 5. Bc4 O-O 6. h3 c5 7. Be3 a6 8. dxc5
Qc7 9. O-O Nbd7 10. Bb3 Nxc5 11. Bxc5 Qxc5 12. Re1 b5 13. a3 Bb7 14. Qe2 Rad8
15. Rad1 Nd7 16. Rd3 Nb6 17. Nd2 Qc7 18. Qf3 Nd7 19. Qd1 Nc5 20. Rde3 Nxb3 21.
Nxb3 Qb6 22. Qd2 Bh6 23. Nd5 Bxd5 24. Qxd5 Bxe3 25. Rxe3 Rc8 26. c3 Qc6 27. Na5
Qxd5 28. exd5 Rc7 29. Kf1 Re8 30. Ke2 Kf8 31. Kd2 e6 32. dxe6 fxe6 33. Re4 Ke7
34. Rh4 h5 35. g4 Rh8 36. f4 Kf6 37. Ke3 e5 38. fxe5+ dxe5 39. Ke4 Ke6 40. Ke3
Kd5 41. Kd3 g5 42. Rxh5 Rxh5 43. gxh5 Rh7 44. c4+ bxc4+ 45. Nxc4 Rxh5 46. Ne3+
Ke6 47. Ke4 Rxh3 48. Nc4 Rh4+ 49. Kd3 Rxc4 50. Kxc4 g4 51. Kd3 g3 52. Ke3 Kd5
53. Kf3 Kc4 54. Kxg3 Kb3 55. Kf3 Kxb2 56. Ke4 Kxa3 57. Kxe5 Kb3 58. Kd4 a5 59.
Kd3 a4 60. Kd2 Kb2 0-1

[Event "ODJM B 2018"]
[Site "Willingen GER"]
[Date "2018.05.23"]
[Round "6"]
[White "Kolb, Tobias"]
[Black "Hagenbeck-Hübert, Jan"]
[Result "1-0"]
[Termination "normal"]
[Board "38"]
[WhiteElo "1740"]
[BlackElo "1493"]
[PlyCount "25"]
[WhiteFideId "12992321"]
[BlackFideId "16259505"]
[EventCountry "GER"]
[EventRounds "9"]
[EventType "swiss"]
[EventDate "2018.05.19"]

1. e4 e5 2. Nc3 Nf6 3. Bc4 Nxe4 4. Bxf7+ Kxf7 5. Nxe4 d6 6. d3 Kg8 7. f4 exf4
8. Bxf4 Qh4+ 9. g3 Qd8 10. Nf3 Nc6 11. c3 h6 12. Qe2 Qe8 13. Nf6+ 1-0

[Event "ODJM B 2018"]
[Site "Willingen GER"]
[Date "2018.05.23"]
[Round "6"]
[White "Ljuca, Rijad"]
[Black "Hoke, Joshua Sky"]
[Result "0-1"]
[Termination "normal"]
[Board "39"]
[WhiteElo "1441"]
[BlackElo "1620"]
[PlyCount "92"]
[WhiteFideId "16216121"]
[BlackFideId "16218272"]
[EventCountry "GER"]
[EventRounds "9"]
[EventType "swiss"]
[EventDate "2018.05.19"]

1. e4 e5 2. Nf3 Nc6 3. Bb5 a6 4. Ba4 Nf6 5. Bxc6 dxc6 6. d3 Bc5 7. O-O Qd6 8.
Nbd2 b5 9. Nb3 Bb6 10. h3 O-O 11. Re1 Re8 12. d4 Nd7 13. dxe5 Nxe5 14. Nxe5
Qxe5 15. Qf3 c5 16. Qf4 c4 17. Qxe5 Rxe5 18. Bf4 Re6 19. Nd2 Bb7 20. Be3 Ba5
21. c3 Bxe4 22. Nxe4 Rxe4 23. Bd4 Rae8 24. Rxe4 Rxe4 25. Kf1 Kf8 26. Re1 Rxe1+
27. Kxe1 Bb6 28. Bxb6 cxb6 29. Ke2 Ke7 30. Ke3 Ke6 31. Kd4 Kd6 32. a3 a5 33. h4
f6 34. h5 g6 35. hxg6 hxg6 36. g4 Kc6 37. f4 Kd6 38. a4 bxa4 39. Kxc4 Kc6 40.
Kd4 b5 41. c4 b4 42. c5 a3 43. bxa3 bxa3 44. Kc3 a2 45. Kb2 Kxc5 46. Kxa2 Kd4
0-1

[Event "ODJM B 2018"]
[Site "Willingen GER"]
[Date "2018.05.23"]
[Round "6"]
[White "Pflugradt, Natalie"]
[Black "Plum, Paul"]
[Result "0-1"]
[Termination "normal"]
[Board "40"]
[WhiteElo "1431"]
[BlackElo "1601"]
[PlyCount "66"]
[WhiteFideId "16212444"]
[BlackFideId "16225678"]
[EventCountry "GER"]
[EventRounds "9"]
[EventType "swiss"]
[EventDate "2018.05.19"]

1. e4 c5 2. Nc3 Nc6 3. f4 g6 4. Nf3 Bg7 5. d3 e6 6. Be3 b6 7. g3 Nge7 8. Bg2
Bb7 9. Qe2 O-O 10. O-O d5 11. Nd1 Rc8 12. c3 Ba6 13. e5 Nf5 14. Bd2 d4 15. c4
Re8 16. g4 Nfe7 17. Nf2 Rb8 18. Ne4 Nc8 19. Nfg5 Bb7 20. Qf2 h6 21. Nf3 N6e7
22. Nf6+ Bxf6 23. exf6 Nc6 24. Qh4 Nd6 25. g5 h5 26. Bh3 Nf5 27. Bxf5 exf5 28.
Rae1 Qd6 29. Qg3 Nb4 30. Bxb4 cxb4 31. h4 Re3 32. Rxe3 dxe3 33. Ne5 Qd4 0-1

[Event "ODJM B 2018"]
[Site "Willingen GER"]
[Date "2018.05.23"]
[Round "6"]
[White "Silber, Stefanie"]
[Black "Ewerhardy, Moritz"]
[Result "0-1"]
[Termination "normal"]
[Board "41"]
[WhiteElo "1685"]
[BlackElo "1348"]
[PlyCount "104"]
[WhiteFideId "12918245"]
[BlackFideId "36052086"]
[EventCountry "GER"]
[EventRounds "9"]
[EventType "swiss"]
[EventDate "2018.05.19"]

1. e4 c5 2. Nc3 d6 3. Bb5+ Bd7 4. Bxd7+ Qxd7 5. f4 e6 6. Nf3 Ne7 7. O-O d5 8.
Ne5 Qd8 9. f5 dxe4 10. Nxf7 Kxf7 11. Qh5+ Kg8 12. fxe6 g6 13. Qxc5 Nbc6 14. Qf2
Qd4 15. Nxe4 Qxf2+ 16. Rxf2 Nd4 17. Ng5 h6 18. c3 Nc2 19. Rb1 hxg5 20. d4 Ne1
21. Bxg5 Nd3 22. Rf3 Ne5 23. dxe5 Re8 24. Rf7 Rh7 25. Rbf1 b6 26. c4 Nc6 27.
Rxh7 Kxh7 28. Rf7+ Kg8 29. Rc7 Rxe6 30. Rc8 Nxe5 31. Bh6 Rf6 32. Bxf8 Rxf8 33.
Rc7 Rf7 34. Rc8+ Kg7 35. c5 bxc5 36. Rxc5 Re7 37. Rd5 Nc4 38. b3 Ne3 39. Rd2
Rf7 40. h3 Kh6 41. Re2 Re7 42. Re1 Nd5 43. Rc1 Nb4 44. a3 Nd3 45. Rc8 Re1+ 46.
Kh2 Ra1 47. a4 Ra2 48. Ra8 Ne1 49. Rxa7 Rxg2+ 50. Kh1 Rg3 51. Re7 Nf3 52. Re3
Rg1# 0-1

[Event "ODJM B 2018"]
[Site "Willingen GER"]
[Date "2018.05.23"]
[Round "6"]
[White "Grob, Marvin"]
[Black "Hövert, Kai"]
[Result "1-0"]
[Termination "normal"]
[Board "42"]
[WhiteElo "1774"]
[BlackElo "1471"]
[PlyCount "49"]
[WhiteFideId "16247817"]
[BlackFideId "16266056"]
[EventCountry "GER"]
[EventRounds "9"]
[EventType "swiss"]
[EventDate "2018.05.19"]

1. e4 c5 2. Nf3 d6 3. d4 cxd4 4. Nxd4 Nc6 5. Nc3 g6 6. Be3 Bg7 7. Qd2 Nf6 8. f3
O-O 9. O-O-O d5 10. exd5 Nxd5 11. Nxd5 Qxd5 12. Nb3 Qe5 13. c3 Bf5 14. Bf4 Qf6
15. Bg5 Qe6 16. g4 Rad8 17. gxf5 Qxf5 18. Bd3 Qxf3 19. Qe3 Qg2 20. Qg3 Qd5 21.
Bxg6 Qe6 22. Bc2 Na5 23. Nxa5 Qxa2 24. Nb3 Rc8 25. Bh6 1-0

[Event "ODJM B 2018"]
[Site "Willingen GER"]
[Date "2018.05.23"]
[Round "6"]
[White "Kögel, Josef"]
[Black "Lange, Malina"]
[Result "1-0"]
[Termination "normal"]
[Board "43"]
[WhiteElo "1527"]
[BlackElo "1531"]
[PlyCount "133"]
[WhiteFideId "16237641"]
[BlackFideId "16228952"]
[EventCountry "GER"]
[EventRounds "9"]
[EventType "swiss"]
[EventDate "2018.05.19"]

1. Nf3 Nf6 2. g3 g6 3. Bg2 Bg7 4. O-O O-O 5. d3 d6 6. Nbd2 c5 7. Re1 Nc6 8. e4
Bg4 9. c3 Qd7 10. Nc4 Bh3 11. Bh1 b5 12. Ne3 Rfe8 13. Ng5 h6 14. Nxh3 Qxh3 15.
Bd2 Qd7 16. f4 e6 17. Qf3 e5 18. f5 a5 19. Nd5 Nxd5 20. exd5 Ne7 21. f6 Nf5 22.
fxg7 Kxg7 23. Qg4 b4 24. Be4 h5 25. Qh3 bxc3 26. Bxc3 Rac8 27. Rf1 c4 28. Bxf5
Qa7+ 29. Kh1 gxf5 30. dxc4 Rxc4 31. Qxh5 Qc5 32. Rad1 Qe3 33. Qxf5 Rf8 34. Qd3
Qc5 35. Rc1 Rc8 36. Qf3 Rc7 37. Qf6+ Kg8 38. Qd8+ Kg7 39. Qf6+ Kg8 40. Rf5
Qxd5+ 41. Kg1 Rc8 42. Rcf1 R4c7 43. Qg5+ Kf8 44. Qh6+ Ke8 45. Qd2 Qc5+ 46. Kg2
Qc6+ 47. Kh3 Qd7 48. g4 Qe6 49. a3 a4 50. Qg5 Re7 51. Rd1 e4 52. Rf6 Qc4 53.
Rdxd6 Rd7 54. Qg8+ Ke7 55. Rxd7+ Kxd7 56. Qxf7+ Qxf7 57. Rxf7+ Ke6 58. Rf5 Rh8+
59. Kg3 Ra8 60. Re5+ Kd6 61. Rxe4 Kd5 62. Rd4+ Ke6 63. h4 Kf7 64. g5 Kg6 65.
Kg4 Ra6 66. Rd7 Rd6 67. h5# 1-0

[Event "ODJM B 2018"]
[Site "Willingen GER"]
[Date "2018.05.23"]
[Round "6"]
[White "König, Dominik"]
[Black "von der Weyden, Louis"]
[Result "1/2-1/2"]
[Termination "normal"]
[Board "44"]
[WhiteElo "1296"]
[BlackElo "1504"]
[PlyCount "50"]
[WhiteFideId "16245148"]
[BlackFideId "16207050"]
[EventCountry "GER"]
[EventRounds "9"]
[EventType "swiss"]
[EventDate "2018.05.19"]

1. e4 e5 2. Nf3 Nf6 3. Nxe5 d6 4. Nf3 Nxe4 5. Nc3 Nxc3 6. dxc3 Nc6 7. Be2 Be7
8. O-O O-O 9. Be3 Bf6 10. Qd3 Ne5 11. Nxe5 Bxe5 12. Bd4 Qg5 13. Rfe1 Bf5 14.
Qb5 Be4 15. Bf1 Bxg2 16. Rxe5 dxe5 17. Bxg2 c6 18. Qxe5 Qxe5 19. Bxe5 Rfe8 20.
Bd4 Re7 21. b4 Rc7 22. c4 a6 23. c3 Re7 24. Kf1 Rae8 25. Bf3 f6 1/2-1/2